| 000 | 00573pam a2200217 i 4500 | ||
|---|---|---|---|
| 001 | 2720944 | ||
| 005 | 20180212032456.0 | ||
| 008 | 770928s1978 njua b 001 0 eng | ||
| 010 | _a 77015607 | ||
| 020 | _a0130771643 | ||
| 040 |
_aDLC _cDLC _dDLC |
||
| 041 | _aeng | ||
| 080 | _a612.76 jam | ||
| 082 | 0 | 0 | _a612.76 jam |
| 100 | 1 | _a3 | |
| 101 | _ashm, | ||
| 245 | 1 | 4 |
_aThe biomechanics of sports techniques / _cJames G. Hay. |
| 504 | _aIncludes bibliographical references and index. | ||
| 906 |
_a7 _bcbc _corignew _d1 _eocip _f19 _gy-gencatlg |
||
| 942 |
_2ddc _cBK |
||
| 999 |
_c42282 _d42282 |
||